| 000 | 00690nam a2200229 i 4500 | ||
|---|---|---|---|
| 001 | 189287 | ||
| 003 | SpMaBN | ||
| 005 | 20250823021531.0 | ||
| 008 | 190521s1970 sp |||| | spa d | ||
| 080 | _a241 | ||
| 100 | 1 |
_aCasabó Suqué, José María. _9167068 |
|
| 245 | 1 | 3 |
_aLa teología moral en San Juan / _cJosé María Casabó Suqué. |
| 260 |
_aMadrid : _bFax, _c[1970] |
||
| 300 |
_aXXXIX, 525 p. ; _c23 cm. |
||
| 490 | 1 |
_aActualidad bíblica ; _v14 |
|
| 500 | _aÍndices. | ||
| 504 | _aBibliografía: p. [XI]-XXIX. | ||
| 650 | 7 |
_aMoral cristiana _2embne _9142371 |
|
| 830 | 0 |
_aActualidad bíblica ; _v14 _9193281 |
|
| 852 |
_aES-MaACL _jJ-9(13) |
||
| 999 |
_c189287 _d189287 |
||